000 00532nam a22001937a 4500
005 20250708123904.0
008 250708b |||||||| |||| 00| 0 eng d
020 _a978-1-133-18903-9
050 _aHB 172 .N53 2015
100 _aNICHOLSON, WALTER
245 _aINTERMEDIATE MICROECONOMICS AND ITS APPLICATION
250 _a12
260 _aBOSTON, MA
_bCENGAGE LEARNING,
_c2015
300 _aXXVI, 622P.: ILL
500 _aINCLUDES INDEX
650 _aMICROECONOMICS
700 _aSNYDER, CHRISTOPHER
942 _2lcc
_cBK
999 _c215848
_d215848